| 000 | 00801nam a22002057a 4500 | ||
|---|---|---|---|
| 005 | 20210325200421.0 | ||
| 008 | s2549 th tha d | ||
| 020 | _a9749470613 | ||
| 041 | _atha | ||
| 050 | _aJQ1745.A5 ด764ล 2549 | ||
| 100 | 0 | _aดุสิต ศิริวรรณ | |
| 245 | 1 | 0 | _aลากไส้ ขยะการเมืองไทย |
| 260 | 3 |
_aกรุงเทพฯ : _bมีเดีย เจเนอเรชั่น, _c2549 |
|
| 300 |
_a293 หน้า ; _b21 ซม. |
||
| 650 | 0 | 4 | _aไทย -- การเมืองและการปกครอง -- บทความ |
| 650 | 0 | 4 | _aไทย -- การเมืองและการปกครอง -- 2548--2549 |
| 850 | _aNALT | ||
| 942 | _cGB | ||
| 997 | _c000000000049963 | ||
| 999 |
_c49963 _d49963 |
||